| 000 | 00469nam a2200193Ia 4500 | ||
|---|---|---|---|
| 005 | 20240812054504.0 | ||
| 008 | 240331s9999 xx 000 0 und d | ||
| 020 | _a0912670134 | ||
| 082 |
_bEHR _a42 |
||
| 100 | _aEhrenreich, B | ||
| 245 | 0 |
_aWitches, midwives, and nurses : _ba history of women healers |
|
| 250 | _a2nd | ||
| 260 |
_aNew York _bThe Feminist Press _c1973 |
||
| 300 | _a48 p ., | ||
| 500 | _a | ||
| 650 | _aWomen | ||
| 650 | _ahistory | ||
| 942 | _cL | ||
| 999 |
_c3039 _d3039 |
||